[Event "IECC CL4-2000.26"]
[Site "IECC email"]
[Date "2000.05.25"]
[Round "?"]
[White "Perez, Maria Jose"]
[Black "Julian Barrachina, Luis"]
[Result "1-0"]
[WhiteElo "1758"]
[BlackElo "1515"]
[PlyCount "29"]
[EventDate "2000.??.??"]
[EventType "tourn (corr)"]
[EventRounds "4"]
[SourceTitle "Corr 2008"]
[Source "ChessBase"]
[SourceDate "2008.06.24"]
[SourceVersion "1"]
[SourceVersionDate "2008.06.24"]
[SourceQuality "1"]

1. e4 d6 2. d4 Nf6 3. Nc3 g6 4. Nf3 Bg7 5. Be2 0-0 6. 0-0 c6 7. h3 Qc7 8. a4 Nbd7 9. Be3 b6 10. Qd2 Bb7 11. Rfe1 e5 12. Bh6 exd4 13. Nxd4 Rae8 14. Bd3 a6 15. Nf5 1-0

[Event "IECC CL4-2000.21"]
[Site "IECC email"]
[Date "2000.04.11"]
[Round "?"]
[White "Julian Barrachina, Luis"]
[Black "Caprioglio, Marco"]
[Result "0-1"]
[WhiteElo "1523"]
[BlackElo "1739"]
[PlyCount "52"]
[EventDate "2000.??.??"]
[EventType "tourn (corr)"]
[EventRounds "4"]
[SourceTitle "Corr 2008"]
[Source "ChessBase"]
[SourceDate "2008.06.24"]
[SourceVersion "1"]
[SourceVersionDate "2008.06.24"]
[SourceQuality "1"]

1. c4 e5 2. Nf3 Nc6 3. Nc3 Nf6 4. d4 exd4 5. Nxd4 Bb4 6. g3 Ne4 7. Qd3 Nxc3 8. bxc3 Bc5 9. Bf4 0-0 10. Bg2 Qf6 11. Nb3 Ba3 12. Bxc7 Bb2 13. Rd1 Bxc3+ 14. Kf1 Re8 15. Nd2 Nb4 16. Ne4 Nxd3 17. Nxf6+ Bxf6 18. Rxd3 Re6 19. Rb3 Ra6 20. a3 Ra4 21. Re3 h6 22. Bd5 Bb2 23. Re8+ Kh7 24. Kg2 Rxa3 25. Bxf7 a5 26. Rd1 g5 0-1

[Event "IECC CL5-1999.16 "]
[Site "IECC email"]
[Date "1999.05.31"]
[Round "?"]
[White "Cross, Andrew"]
[Black "Julian Barrachina, Luis"]
[Result "0-1"]
[WhiteElo "1452"]
[BlackElo "1300"]
[PlyCount "76"]
[EventDate "1999.??.??"]
[EventType "tourn (corr)"]
[EventRounds "4"]
[SourceTitle "Corr 2008"]
[Source "ChessBase"]
[SourceDate "2008.06.24"]
[SourceVersion "1"]
[SourceVersionDate "2008.06.24"]
[SourceQuality "1"]

1. e4 c6 2. d4 d5 3. exd5 cxd5 4. c4 Nf6 5. Nc3 g6 6. Qb3 Bg7 7. cxd5 0-0 8. Be2 Nbd7 9. Bf3 Nb6 10. Bg5 a5 11. Nge2 a4 12. Qb5 Bd7 13. Qb4 Rc8 14. d6 exd6 15. Qxd6 Bc6 16. Qxd8 Rfxd8 17. Bxc6 Rxc6 18. 0-0 h6 19. Bh4 g5 20. Bg3 Nfd5 21. Rfd1 Nxc3 22. bxc3 Re8 23. Kf1 Nc4 24. Rd3 f5 25. h3 Rb6 26. Rad1 Rb2 27. Nc1 Rc2 28. Be5 Nxe5 29. dxe5 Rxe5 30. Rd7 Rb5 31. Nd3 Bxc3 32. Rc7 Rd5 33. a3 b5 34. Rc8+ Kg7 35. Rc7+ Kf8 36. Rc8+ Ke7 37. f3 b4 38. axb4 a3 0-1

[Event "IECC CL7-1999.14"]
[Site "IECC email"]
[Date "1999.02.27"]
[Round "?"]
[White "Karlsson, Roger"]
[Black "Julian Barrachina, Luis"]
[Result "0-1"]
[WhiteElo "917"]
[BlackElo "1260"]
[PlyCount "86"]
[EventDate "1999.??.??"]
[EventType "tourn (corr)"]
[EventRounds "4"]
[SourceTitle "Corr 2008"]
[Source "ChessBase"]
[SourceDate "2008.06.24"]
[SourceVersion "1"]
[SourceVersionDate "2008.06.24"]
[SourceQuality "1"]

1. e4 c6 2. Nc3 d5 3. d4 dxe4 4. Nxe4 Nd7 5. c4 e5 6. dxe5 Qa5+ 7. Bd2 Qxe5 8. f3 f5 9. Be2 fxe4 10. Bc3 Qe6 11. b4 Ngf6 12. Qc2 Bd6 13. c5 Be5 14. Bxe5 Qxe5 15. Rd1 Nd5 16. Rc1 Nxb4 17. Qc4 Nd3+ 18. Bxd3 exd3+ 19. Kf1 d2 20. Rd1 Qe3 21. Qc2 0-0 22. Rxd2 Nxc5 23. Re2 Qd4 24. Rd2 Bf5 25. Rxd4 Bxc2 26. Ne2 Rae8 27. Rd2 Bd3 28. Kf2 Ne4+ 29. Ke3 Nxd2+ 30. Kxd3 Nxf3 31. gxf3 Rxf3+ 32. Kd2 Rf2 33. Re1 Rxh2 34. Kd1 Re4 35. Ng3 Rxe1+ 36. Kxe1 Rxa2 37. Ne4 b5 38. Kd1 a5 39. Nc3 Ra1+ 40. Kc2 a4 41. Kb2 b4 42. Kxa1 bxc3 43. Kb1 a3 0-1